Néptáncosaink sikere!

Elmentve itt :
Bibliográfiai részletek
Dokumentumtípus: Cikk
Megjelent: 1982
Sorozat:Szegedi Egyetem 20 No. 6
Kulcsszavak:Egyetemi és Főiskolai Kulturális Napok, Néptánccsoport - egyetemi
Online Access:http://univ.bibl.u-szeged.hu/15157
LEADER 00602nab a2200181 i 4500
001 univ15157
005 20240627125208.0
008 240627s1982 hu o 000 hun d
022 |a 0230-791X 
040 |a SZTE UnivHistória Repozitórium  |b hun 
041 |a hun 
245 0 0 |a Néptáncosaink sikere!  |h [elektronikus dokumentum] 
260 |c 1982 
300 |a 5 
490 0 |a Szegedi Egyetem  |v 20 No. 6 
561 |a Egyetemi, hallgatói élet 
695 |a Egyetemi és Főiskolai Kulturális Napok, Néptánccsoport - egyetemi 
856 4 0 |u http://univ.bibl.u-szeged.hu/15157/1/sze_1982_006_5.pdf  |z Dokumentum-elérés